Ajedrez maya : el juego de los dioses /

Ajedrez maya: el Juego de los dioses, es una reinterpretación cultural y pedagógica del ajedrez clásico, con un tablero en forma de rombo, inspirada en la cosmovisión de la civilización maya. Este juego integra elementos simbólicos como las cuatro fuerzas elementales: aire, agua, tierra y fuego, y r...

Szczegółowa specyfikacja

Zapisane w:
Opis bibliograficzny
Format: Objekt
Język:hiszpański
Wydane: México : Comunidad Epistémica de México, 2020, c2020
Hasła przedmiotowe:
Etykiety: Dodaj etykietę
Nie ma etykietki, Dołącz pierwszą etykiete!

MARC

LEADER 00000nrm^a2200000^a^4500
001 000616324
005 20250625000000.0
009 20260310133719.963
037 |a Acervo ITESO - Biblioteca 
041 |a ESP 
091 |a JUE. 0100 
245 0 0 |a Ajedrez maya :  |b el juego de los dioses / 
264 4 |a México :  |b Comunidad Epistémica de México,  |c 2020, c2020 
300 |a 1 juego (1 tablero de Ajedrez maya, 5 piezas en madera natural, 5 piezas en madera color negro, 1 instructivo, 1 estuche) ;  |c 34.5 x 34.5 x 4.5 cm. 
336 |a forma objetual tridimensional  |b tdf  |2 rdacontenido 
337 |a sin mediación  |b n  |2 rdamedio 
338 |a otro (juego)  |b nz  |2 rdasoporte 
520 |a Ajedrez maya: el Juego de los dioses, es una reinterpretación cultural y pedagógica del ajedrez clásico, con un tablero en forma de rombo, inspirada en la cosmovisión de la civilización maya. Este juego integra elementos simbólicos como las cuatro fuerzas elementales: aire, agua, tierra y fuego, y referencias al juego de pelota. Diseñado como una herramienta didáctica, promueve el pensamiento estratégico y el aprendizaje significativo, conectando el legado ancestral con la formación contemporánea. Las partidas se desarrollan con 2 jugadores, a partir de los 8 años de edad. Entre los materiales que lo integran, cuenta con un instructivo que contiene información acerca de la versión y la adaptación, así como una guía básica del juego. 
649 |a XX 
650 |a Ajedrez -  |x Tema Principal 
650 |a Juegos de Mesa -  |x Tema Principal 
650 |a Juegos Educativos -  |x Tema Principal 
650 |a Juegos Mentales 
650 |a Juegos Infantiles 
650 |a Juegos Competitivos 
650 |a Juegos -  |x Aspectos Sociales y Culturales 
650 |a Juegos 
650 |a Euros (Juegos) 
650 |a Apoyos Didácticos 
650 |a Ocio y Tiempo Libre 
910 |a Fondo General 
920 |a Volumétricos - Juegos Préstamo Interno 
930 |a Juegos Préstamo Interno 
905 |a 601 
901 |a 616324-10  |b IT2  |c LUI  |i C190321  |u 20250625 
902 |a https://opac.biblio.iteso.mx/vufind/Record/000616324